00821 a2200217 4500003000700000005001700007008004100024040002500065041000800090050002200098100002700120245016700147260004200314300003400356336002800390337003000418338002700448500005700475650002700532650004400559CBULib20240118134211.0240118b |||||||| |||| 00| 0 eng d bEnglishcCBULiberda aeng aCBU-PG THESIS/BWA aBwalya, Andrew Mulenga aContests and competition in the execution of wildlife conservation projects case study of non-governmental non-oganisations in Zambia c/ by Bwalya Mulenga Andrew bCopperbelt University,c2021aKitwe : axiv, 70 pages : illustrations 2rdacontentaText |btxt 2rdamediaaUnmediated |bn 2rdacarrieraVolumebnc aIncludes a bibliographical reference and an appendix 0aWILDLIFE CONSERVATION. 0aNON-GOVERNMENTAL ORGANISATIONS - ZAMBIA